000 00409nam a2200121Ia 4500
008 220620s9999||||xx |||||||||||||| ||und||
245 0 _aDesign and Architectures for Digital Signal Processing
546 _aEnglish[eng]
650 _aSystems analysis & design
700 _aRuiz, Gustavo||Michell, Juan A.
856 _uhttps://mts.intechopen.com/storage/books/3158/authors_book/authors_book.pdf
942 _cEB
999 _c23574
_d23574